000 01159nam a2200241 a 4500
001 000038325
005 20250612105738.0
008 130408s2004 dr a 000 0 spa d
020 _a9789945120745
040 _aDO-SdBNP
_bspa
_cBNPHU
082 _a949.2
_bF828di
100 1 _aFrank, Ana
_951149
245 1 3 _aEl diario de Ana Frank /
_cAna Frank.
260 _aSanto Domingo :
_bSusaeta ,
_c[s. f.].
300 _a264 p. :
_bil., retrs. ;
_c21 cm.
520 _aEste el diario de una niña judía, quien sufrió la persecución de los nazis alemanes. Ana y otras siete personas vivieron escondidas durante dos años temiendo que la Gestapo los descubriera. Durante todo este tiempo, la pequeña Ana llevó un diario. En sus páginas plasmó todas sus vivencias y sus más íntimos secretos
600 1 4 _aANA FRANK
_d1929-1945
_vDIARIOS ÍNTIMOS
_964687
650 4 _aHolocausto judio
_y1939-1945
_zPaíses Bajos, Amsterdam
_vDIARIOS
_964688
650 4 _aJudeus
_zPaíses Bajos
_964689
650 0 _a Guerra Mundial, 1939-1945
_913822
651 4 _aPaíses Bajos
_xHistoria, Ocupación Alemana,
_y1940-1945
_964690
910 _aValidado. Control de calidad MFF
999 _c37815
_d37815